Documento de consulta: nueva evangelización, promoción humana, cultura cristiana

Guardat en:
Dades bibliogràfiques
Autor corporatiu: Consejo Episcopal Latinoamericano (Autor), CELAM (Autor)
Format: Llibre
Idioma:espanyol
Publicat: Bogotá Consejo Episcopal Latinoamericano 1992
Edició:2a. ed
Matèries:
Etiquetes: Afegir etiqueta
Sense etiquetes, Sigues el primer a etiquetar aquest registre!

MARC

LEADER 00000nam a2200000 a 4500
001 UCM3143
003 CL-VaPUC
005 20221115074623.0
008 020628e19920000ck 1 spa d
082 0 4 |a 262.3  |b CON  |2 21 
110 2 |a Consejo Episcopal Latinoamericano  |e author  |9 620132 
710 2 |a CELAM  |e author  |9 620133 
245 1 0 |a Documento de consulta: nueva evangelización, promoción humana, cultura cristiana 
250 |a 2a. ed 
260 |a Bogotá  |b Consejo Episcopal Latinoamericano  |c 1992 
300 |a 194 p 
583 |a last modification  |c 20020628 00:00:00  |k Rodrigo Vera 
600 0 |a Iglesia católica  |9 255129 
650 0 0 |a Catequesis  |9 314526 
650 0 7 |a EVANGELIZACION  |2 CL-VaPUC  |9 620134 
651 0 |a América Latina   |9 255027 
942 |c BK 
945 |a vberengu  |d 20020628 00:00:00 
546 |a En Español 
518 |p Conferencia General del Episcopado Latinoamericano, 4, Santo Domingo, República Dominicana, 1992 
999 |c 383778  |d 383776 
952 |0 0  |1 0  |4 0  |6 262_300000000000000_CON_1992  |7 0  |8 DER_HDC  |9 506038  |a BIBDER  |b BIBDER  |d 2020-01-23  |i 3822664  |l 1  |o 262.3 CON 1992  |p 3822664  |r 2023-01-25  |s 2020-03-19  |w 2020-01-23  |x Ubicación 4to Piso  |y BK  |z Estos recursos deben solicitarse con anticipación  |k DER